[Event "22nd Honor to National Resistance"]
[Site "Nikaia"]
[Date "2014.09.01"]
[Round "8.27"]
[White "Kosmidis, Konstantinos"]
[Black "Koerant, Filipos"]
[Result "1-0"]
[WhiteElo "1776"]
[BlackElo "1923"]
[PlyCount "81"]
[EventDate "2014.08.26"]

1. e4 c5 2. Nc3 a6 3. g3 b5 4. Bg2 Bb7 5. Nge2 e6 6. O-O b4 7. Nb1 d5 8. d3 Nf6
9. e5 Nfd7 10. f4 Be7 11. Nd2 O-O 12. Nc4 Nc6 13. Ne3 Qc7 14. c3 Rac8 15. d4
cxd4 16. cxd4 a5 17. b3 Ba6 18. Bb2 Qa7 19. Bf3 Nb6 20. f5 Bg5 21. Nf4 Bxf4 22.
gxf4 Bxf1 23. Qxf1 Nd7 24. Qd3 a4 25. Rd1 axb3 26. axb3 Ne7 27. Kh1 exf5 28.
Nxd5 Nxd5 29. Bxd5 Nb6 30. Bf3 g6 31. d5 Qa2 32. Rd2 Nd7 33. e6 Nc5 34. Qd4 f6
35. e7 Rf7 36. d6 Qa6 37. Bd5 Qf1+ 38. Qg1 Qxg1+ 39. Kxg1 Kg7 40. Bd4 Nd7 41.
Be6 1-0

[Event "22nd Honor to National Resistance"]
[Site "Nikaia"]
[Date "2014.09.01"]
[Round "8.28"]
[White "Kondopoulos, Dimitrios"]
[Black "Kalogridakis, Theodoros"]
[Result "1-0"]
[WhiteElo "2039"]
[BlackElo "1843"]
[PlyCount "89"]
[EventDate "2014.08.26"]

1. e4 c5 2. Nf3 d6 3. d4 cxd4 4. Nxd4 Nf6 5. Nc3 a6 6. Be3 Ng4 7. Qd2 Nxe3 8.
Qxe3 e5 9. Nf3 Be7 10. Bc4 O-O 11. O-O Be6 12. Bb3 Nd7 13. Rfd1 Rc8 14. Rac1
Qc7 15. Nd5 Bxd5 16. Bxd5 h6 17. c3 Kh8 18. Rc2 f5 19. exf5 Rxf5 20. Be6 Rf6
21. Bxd7 Qxd7 22. Qxe5 Rf5 23. Qe3 Bg5 24. Nxg5 Rxg5 25. Re2 Qc6 26. Qe4 d5 27.
Qe6 Qc5 28. h4 Rh5 29. Qg4 d4 30. cxd4 Qf5 31. Qxf5 Rxf5 32. d5 Rd8 33. d6 Rf7
34. Re6 Rfd7 35. f4 Kg8 36. Kf2 Kf7 37. f5 Rc8 38. Rde1 Rc2+ 39. R1e2 Rc5 40.
g4 h5 41. Kg3 hxg4 42. Kxg4 Rc4+ 43. Kg3 Rc6 44. Re7+ Rxe7 45. Rxe7+ 1-0

[Event "22nd Honor to National Resistance"]
[Site "Nikaia"]
[Date "2014.09.01"]
[Round "8.29"]
[White "Christidis, Savvas"]
[Black "Nikolaidis, Marios-Andreas"]
[Result "0-1"]
[WhiteElo "1819"]
[BlackElo "1985"]
[PlyCount "48"]
[EventDate "2014.08.26"]

1. d4 Nf6 2. c4 g6 3. Nc3 Bg7 4. e4 d6 5. Nf3 O-O 6. Be2 e5 7. O-O Nc6 8. d5
Ne7 9. Ne1 Nd7 10. Be3 f5 11. f3 f4 12. Bf2 g5 13. Nd3 Ng6 14. c5 Nf6 15. Rc1
Rf7 16. cxd6 cxd6 17. Nb5 g4 18. Qc2 g3 19. hxg3 fxg3 20. Bxg3 Bh6 21. Rcd1 Rg7
22. Bf2 Bh3 23. gxh3 Nf4+ 24. Kh1 Qd7 0-1

[Event "22nd Honor to National Resistance"]
[Site "Nikaia"]
[Date "2014.09.02"]
[Round "9.1"]
[White "Tsolakidou, Stavroula"]
[Black "Kotronias, Vasilios"]
[Result "0-1"]
[WhiteElo "2240"]
[BlackElo "2552"]
[PlyCount "92"]
[EventDate "2014.08.26"]

1. e4 c5 2. Nf3 Nc6 3. Bb5 g6 4. Bxc6 dxc6 5. d3 Bg7 6. h3 e5 7. Nc3 b6 8. Be3
Ne7 9. Qd2 h6 10. Nh2 Be6 11. g4 Qd7 12. O-O-O O-O-O 13. Rhg1 h5 14. f3 f6 15.
Nf1 Kb7 16. Na4 Ka8 17. Qc3 hxg4 18. hxg4 Nc8 19. Nd2 Rh3 20. Qa3 Qc7 21. c4
Rdh8 22. Kb1 Bf8 23. Rde1 Bd6 24. Rgf1 Ne7 25. Nb3 Kb8 26. g5 fxg5 27. Bxg5 Rf8
28. Nd2 Ng8 29. Rg1 Qh7 30. Be3 Nf6 31. d4 exd4 32. Bxd4 Nd7 33. e5 Bc7 34. Bf2
g5+ 35. Ka1 g4 36. b4 Rhxf3 37. Nxf3 Rxf3 38. Qb2 Qf5 39. Bg3 Qd3 40. Bh4 Qxc4
41. Be7 cxb4 42. Bxb4 c5 43. Nxc5 Nxc5 44. Rc1 Nb3+ 45. Qxb3 Bxe5+ 46. Bc3 Rxc3
0-1

[Event "22nd Honor to National Resistance"]
[Site "Nikaia"]
[Date "2014.09.02"]
[Round "9.2"]
[White "Goumas, Georgios"]
[Black "Delithanasis, Dimitrios"]
[Result "1-0"]
[WhiteElo "2371"]
[BlackElo "2095"]
[PlyCount "91"]
[EventDate "2014.08.26"]

1. e4 e5 2. Nf3 Nc6 3. d4 exd4 4. Nxd4 Bb4+ 5. c3 Bc5 6. Be3 Bb6 7. Nf5 Bxe3 8.
Nxe3 Nf6 9. f3 a5 10. c4 d6 11. Nc3 Nd7 12. Be2 Nc5 13. O-O O-O 14. f4 Kh8 15.
Qd2 f6 16. Bf3 Be6 17. Rad1 Nb4 18. b3 Qd7 19. Kh1 Rfe8 20. a3 Nc6 21. Qc2 Qf7
22. Nb5 Rec8 23. Qc3 a4 24. b4 Nb3 25. e5 dxe5 26. fxe5 Nxe5 27. Bxb7 Nxc4 28.
Bxa8 Rxa8 29. Rf4 Qh5 30. Rxc4 Qxb5 31. Rxc7 Re8 32. Qc6 Qh5 33. Qf3 Qh6 34. h3
Qg5 35. Nf1 h5 36. Qc6 Qg6 37. Qc3 h4 38. Re1 Kh7 39. Qb2 Bf7 40. Qf2 Rxe1 41.
Qxh4+ Qh5 42. Qxe1 Bd5 43. Qg3 Bf7 44. Qg4 Qxg4 45. hxg4 Kg6 46. b5 1-0

[Event "22nd Honor to National Resistance"]
[Site "Nikaia"]
[Date "2014.09.02"]
[Round "9.3"]
[White "Kapnisis, Spyridon"]
[Black "Pandelidis, Ioannis"]
[Result "1-0"]
[WhiteElo "2458"]
[BlackElo "2070"]
[PlyCount "65"]
[EventDate "2014.08.26"]

1. e4 c5 2. Nf3 Nc6 3. Bb5 d6 4. O-O Bd7 5. Re1 Nf6 6. c3 a6 7. Bf1 Bg4 8. h3
Bh5 9. g4 Bg6 10. d4 e5 11. d5 Nb8 12. Nh4 Nbd7 13. a4 Be7 14. Nd2 O-O 15. a5
Ne8 16. Ng2 Nc7 17. Nc4 Nb5 18. f4 f6 19. f5 Be8 20. h4 b6 21. Re3 Qb8 22. Rg3
Kh8 23. g5 Rg8 24. Nxb6 Nxb6 25. axb6 Qxb6 26. g6 h6 27. Qh5 Bf8 28. Ne3 c4 29.
Kg2 Rc8 30. Ng4 Rc7 31. Nxh6 gxh6 32. Bxh6 Rh7 33. g7+ 1-0

[Event "22nd Honor to National Resistance"]
[Site "Nikaia"]
[Date "2014.09.02"]
[Round "9.4"]
[White "Kalogridakis, Georgios"]
[Black "Koutoukidis, Panagiotis"]
[Result "1/2-1/2"]
[WhiteElo "2114"]
[BlackElo "2190"]
[PlyCount "123"]
[EventDate "2014.08.26"]

1. e4 c5 2. Nf3 e6 3. d4 cxd4 4. Nxd4 Nc6 5. Nc3 Qc7 6. Be3 Nf6 7. Qd2 Nxd4 8.
Bxd4 e5 9. Be3 Bb4 10. f3 h6 11. Be2 O-O 12. O-O d6 13. a3 Bxc3 14. Qxc3 Qxc3
15. bxc3 Be6 16. Rab1 b6 17. c4 Rfc8 18. Rb4 Kf8 19. a4 Nd7 20. Rd1 Ke7 21. a5
bxa5 22. Ra4 Nb6 23. Rxa5 Bxc4 24. Bd3 Bxd3 25. cxd3 Rc6 26. Rda1 Nc8 27. Bxa7
Rc7 28. Be3 Rxa5 29. Rxa5 Rc3 30. Rd5 Ke6 31. Bd2 Rb3 32. d4 Ne7 33. Ra5 exd4
34. Kf2 Nc6 35. Rd5 Rb2 36. Ke2 Rc2 37. Kd3 Rc5 38. Rxc5 dxc5 39. Kc4 Kd6 40.
f4 Na7 41. g4 Kc6 42. h4 Nc8 43. h5 f6 44. g5 fxg5 45. fxg5 Nd6+ 46. Kd3 hxg5
47. Bxg5 Kd7 48. h6 gxh6 49. Bxh6 Ne8 50. Kc4 Kc6 51. Bf8 Nd6+ 52. Kd3 Nb5 53.
Kc4 Na3+ 54. Kd3 Kb6 55. Bg7 Nb5 56. Kc4 Kc6 57. Bf8 Nd6+ 58. Kd3 Kd7 59. Bg7
Nb5 60. Bf8 Kc6 61. Kc4 Na3+ 62. Kd3 1/2-1/2

[Event "22nd Honor to National Resistance"]
[Site "Nikaia"]
[Date "2014.09.02"]
[Round "9.5"]
[White "Ioannidis, Evgenios"]
[Black "Papasimakopoulos, Alexandros"]
[Result "0-1"]
[WhiteElo "2064"]
[BlackElo "2270"]
[PlyCount "70"]
[EventDate "2014.08.26"]

1. d4 Nf6 2. c4 e6 3. Nc3 Bb4 4. Qc2 Nc6 5. Nf3 d6 6. a3 Bxc3+ 7. bxc3 O-O 8.
Bg5 h6 9. Bh4 Qe7 10. e3 e5 11. d5 Nb8 12. Nd2 Na6 13. Bxf6 Qxf6 14. Nb3 Bd7
15. Be2 Ba4 16. Qb2 Bxb3 17. Qxb3 Nc5 18. Qc2 Qg5 19. O-O e4 20. Rab1 f5 21. f4
exf3 22. Rxf3 Rae8 23. Rg3 Qf6 24. Bd3 g6 25. Rf1 Re5 26. e4 Rfe8 27. exf5 g5
28. h4 Re3 29. hxg5 hxg5 30. Rff3 Rxf3 31. Rxf3 g4 32. Rf4 Qg5 33. g3 Re3 34.
Kf2 Rxd3 35. Qe2 Rd2 0-1

[Event "22nd Honor to National Resistance"]
[Site "Nikaia"]
[Date "2014.09.02"]
[Round "9.6"]
[White "Alexakis, Dimitrios"]
[Black "Sienczewski, Zbigniew"]
[Result "1-0"]
[WhiteElo "2221"]
[BlackElo "2040"]
[PlyCount "57"]
[EventDate "2014.08.26"]

1. e4 d6 2. d4 Nf6 3. Nc3 g6 4. Bg5 Bg7 5. f4 O-O 6. Qd2 c6 7. O-O-O b5 8. Bd3
b4 9. Nce2 a5 10. Nf3 Qc7 11. e5 Nd5 12. f5 dxe5 13. dxe5 Bxe5 14. Nxe5 Qxe5
15. Ng3 Ba6 16. Rde1 Qc7 17. Rhf1 Bxd3 18. Qxd3 Nd7 19. Bh6 N7f6 20. fxg6 hxg6
21. Bxf8 Rxf8 22. Ne4 Qxh2 23. Nxf6+ exf6 24. Rh1 Qf4+ 25. Kb1 f5 26. Qh3 Kg7
27. g4 Rg8 28. gxf5 gxf5 29. Reg1+ 1-0

[Event "22nd Honor to National Resistance"]
[Site "Nikaia"]
[Date "2014.09.02"]
[Round "9.7"]
[White "Michelakos, Panagiotis"]
[Black "Tsaknakis, Zisis"]
[Result "1/2-1/2"]
[WhiteElo "2146"]
[BlackElo "1899"]
[PlyCount "32"]
[EventDate "2014.08.26"]

1. d4 Nf6 2. g3 g6 3. Bg2 Bg7 4. e4 d6 5. Ne2 O-O 6. O-O e5 7. d5 c6 8. c4 cxd5
9. cxd5 a5 10. Nbc3 Na6 11. h3 Nc5 12. Be3 b6 13. Rb1 Ba6 14. b4 axb4 15. Rxb4
Nfd7 16. Qd2 f5 1/2-1/2

[Event "22nd Honor to National Resistance"]
[Site "Nikaia"]
[Date "2014.09.02"]
[Round "9.8"]
[White "Mitsis, Georgios"]
[Black "Tsiros, Fragkiskos Vlasios"]
[Result "0-1"]
[WhiteElo "1897"]
[BlackElo "2108"]
[PlyCount "80"]
[EventDate "2014.08.26"]

1. d4 g6 2. Nf3 Bg7 3. c4 d6 4. Nc3 Nf6 5. e4 O-O 6. Be2 c5 7. O-O Re8 8. Be3
Ng4 9. Bg5 h6 10. Bc1 Na6 11. h3 Nf6 12. Be3 cxd4 13. Nxd4 Nc5 14. f3 b6 15.
Qd2 Kh7 16. Rfd1 Bb7 17. Rac1 a6 18. b4 Ncd7 19. Nd5 e6 20. Nc3 d5 21. cxd5
exd5 22. exd5 Qe7 23. Nc2 Rac8 24. Bf1 Ne5 25. Bf2 Rxc3 26. Qxc3 Nxd5 27. Qd2
b5 28. Bc5 Qh4 29. Qf2 Qf6 30. Nd4 h5 31. Nb3 Bh6 32. Rc2 Rc8 33. Re1 Bf4 34.
Na5 Ba8 35. Qe2 Bg3 36. Rec1 Nf4 37. Qd1 Rd8 38. Rd2 Nxh3+ 39. gxh3 Nxf3+ 40.
Kh1 Rxd2 0-1

[Event "22nd Honor to National Resistance"]
[Site "Nikaia"]
[Date "2014.09.02"]
[Round "9.9"]
[White "Skaperdas, Kostantinos"]
[Black "Gkikas, Hristos"]
[Result "1-0"]
[WhiteElo "2102"]
[BlackElo "1907"]
[PlyCount "71"]
[EventDate "2014.08.26"]

1. e4 e6 2. d4 d5 3. Nd2 c5 4. exd5 exd5 5. Bb5+ Bd7 6. Bxd7+ Qxd7 7. Ngf3 Qe6+
8. Qe2 Qxe2+ 9. Kxe2 Nc6 10. dxc5 Bxc5 11. Nb3 Bb6 12. Bg5 h6 13. Bh4 g5 14.
Bg3 Nf6 15. Rhd1 O-O 16. Nfd4 Ne4 17. Nf5 Rfe8 18. Kf1 Rad8 19. Nxh6+ Kg7 20.
Nf5+ Kg6 21. Nbd4 Nxd4 22. Nxd4 f5 23. f3 Nxg3+ 24. hxg3 Re3 25. c3 Rh8 26. Re1
Rh1+ 27. Kf2 Rhxe1 28. Rxe1 Rxe1 29. Kxe1 Kf6 30. Kd2 Bxd4 31. cxd4 Ke6 32. Kc3
Kd6 33. Kb4 g4 34. Kb5 b6 35. Ka6 Kc6 36. a4 1-0

[Event "22nd Honor to National Resistance"]
[Site "Nikaia"]
[Date "2014.09.02"]
[Round "9.10"]
[White "Kourkoulos-Arditis, Stamatis"]
[Black "Nikoleris, Evangelos"]
[Result "1-0"]
[WhiteElo "2296"]
[BlackElo "1887"]
[PlyCount "45"]
[EventDate "2014.08.26"]

1. e4 e6 2. d4 d5 3. Nc3 Nf6 4. Bg5 dxe4 5. Nxe4 Nbd7 6. Nxf6+ Nxf6 7. Nf3 h6
8. Bh4 c5 9. Bc4 Be7 10. O-O O-O 11. Qe2 a6 12. Rad1 b5 13. dxc5 Qa5 14. Bd3
Bb7 15. Ne5 Bd5 16. a3 Rac8 17. Rfe1 Rfe8 18. Ra1 b4 19. Bxa6 Rxc5 20. Bxf6
Bxf6 21. axb4 Qxb4 22. Nd3 Qd4 23. c3 1-0

[Event "22nd Honor to National Resistance"]
[Site "Nikaia"]
[Date "2014.09.02"]
[Round "9.11"]
[White "Alexakis, Dimitris"]
[Black "Kouvatsos, Filippos"]
[Result "0-1"]
[WhiteElo "1679"]
[BlackElo "2157"]
[PlyCount "71"]
[EventDate "2014.08.26"]

1. e4 c6 2. Nc3 d5 3. Nf3 Bg4 4. h3 Bh5 5. d4 e6 6. Be3 Nf6 7. e5 Nfd7 8. Qd2
Be7 9. Bd3 c5 10. g4 Bg6 11. h4 cxd4 12. Bxd4 Nc6 13. O-O-O Nxd4 14. Nxd4 Bxd3
15. Qxd3 Nxe5 16. Qe2 Nc6 17. f4 Nxd4 18. Rxd4 O-O 19. f5 Bf6 20. fxe6 Bxd4 21.
e7 Qd7 22. exf8=Q+ Rxf8 23. Nb5 Re8 24. Qd3 Bb6 25. Rd1 Qxg4 26. Qxd5 Qxh4 27.
Nd6 Qf4+ 28. Kb1 Rd8 29. Qxb7 h5 30. Qe7 h4 31. Re1 Qxd6 32. Qe2 h3 33. a3 h2
34. Rf1 Bg1 35. Qh5 Qd5 36. Qg4 0-1

[Event "22nd Honor to National Resistance"]
[Site "Nikaia"]
[Date "2014.09.02"]
[Round "9.12"]
[White "Papakonstantinou, Dimitrios"]
[Black "Pappelis, Dimitrios"]
[Result "1-0"]
[WhiteElo "1947"]
[BlackElo "2073"]
[PlyCount "57"]
[EventDate "2014.08.26"]

1. d4 d5 2. Nf3 c5 3. c4 e6 4. cxd5 exd5 5. g3 Nc6 6. Bg2 Nf6 7. O-O Be7 8. Nc3
O-O 9. dxc5 Bxc5 10. a3 a5 11. Bg5 d4 12. Nb5 Bg4 13. Rc1 Bb6 14. Qd2 Re8 15.
Qf4 Qb8 16. Nd6 Re6 17. Nxb7 Qxb7 18. Rxc6 Rxc6 19. Ne5 Bc7 20. Bxf6 Rxf6 21.
Bxb7 Rxf4 22. Bxa8 Rf5 23. Nxg4 h5 24. Rc1 Bd6 25. Rc8+ Bf8 26. Be4 Rb5 27. Bd3
Rg5 28. f4 Rxg4 29. Bf5 1-0

[Event "22nd Honor to National Resistance"]
[Site "Nikaia"]
[Date "2014.09.02"]
[Round "9.13"]
[White "Trimitzios, Petros"]
[Black "Korlotsidis, Spiridon"]
[Result "0-1"]
[WhiteElo "1755"]
[BlackElo "2048"]
[PlyCount "104"]
[EventDate "2014.08.26"]

1. d4 Nf6 2. c4 g6 3. Nf3 Bg7 4. g3 O-O 5. Bg2 d6 6. O-O Nc6 7. Nc3 a6 8. h3
Rb8 9. e4 b5 10. cxb5 axb5 11. e5 Nd7 12. Ng5 dxe5 13. Bxc6 exd4 14. Ne2 h6 15.
Nf3 Rb6 16. Nfxd4 e5 17. Ne6 fxe6 18. Be4 Nf6 19. Bxg6 Bb7 20. Qxd8 Rxd8 21.
Be3 Ra6 22. a3 Nd5 23. Be4 Ra4 24. Nc3 Rxe4 25. Nxe4 Nxe3 26. fxe3 Bxe4 27.
Rfd1 Rxd1+ 28. Rxd1 Bd5 29. Rf1 e4 30. Rf2 Be5 31. Kg2 Bb3 32. Rd2 Bd5 33. Rf2
Kg7 34. h4 c5 35. Kh3 Bb3 36. Rd2 Bd5 37. Rf2 Bc4 38. Kg4 Bd3 39. Kh5 b4 40.
axb4 cxb4 41. b3 Bxg3 42. Rg2 Kh7 43. Ra2 Bb8 44. Kg4 Kg6 45. h5+ Kf6 46. Ra5
Be2+ 47. Kh4 Be5 48. Ra7 Kf5 49. Ra5 Kf6 50. Ra7 Bc3 51. Rh7 Be1+ 52. Kh3 Kg5
0-1

[Event "22nd Honor to National Resistance"]
[Site "Nikaia"]
[Date "2014.09.02"]
[Round "9.14"]
[White "Tsomis, Dimitrios"]
[Black "Bouboulis, Spyridon-Odysseys"]
[Result "1/2-1/2"]
[WhiteElo "1987"]
[BlackElo "1801"]
[PlyCount "128"]
[EventDate "2014.08.26"]

1. e4 c5 2. Nf3 e6 3. d4 cxd4 4. Nxd4 a6 5. Nc3 Qc7 6. Bd3 Nf6 7. O-O Bc5 8.
Nb3 Be7 9. f4 d6 10. Qe2 Nbd7 11. Bd2 b5 12. Rae1 e5 13. Nd5 Nxd5 14. exd5 O-O
15. Kh1 Bb7 16. fxe5 dxe5 17. Nd4 g6 18. Nc6 Bxc6 19. dxc6 Qxc6 20. Be4 Qe6 21.
Bxa8 Rxa8 22. Bc3 Bd6 23. Rd1 Nb6 24. Qe4 Re8 25. Qc6 Bf8 26. Qxe6 Rxe6 27. b3
Be7 28. Rfe1 f6 29. Ba5 Kf7 30. g3 Ke8 31. Bxb6 Rxb6 32. Re2 Bd6 33. Rd5 Ke7
34. c4 bxc4 35. bxc4 Rc6 36. Rc2 Ke6 37. Ra5 Bc5 38. Kg2 e4 39. Kf1 f5 40. Ke2
Bg1 41. h4 Bc5 42. Ra4 h6 43. Rd2 Bd6 44. Kf2 e3+ 45. Kxe3 Bxg3 46. Rg2 g5 47.
hxg5 hxg5 48. Kf3 Bf4 49. Re2+ Kf6 50. Re8 Bc7 51. Ra8 g4+ 52. Kg2 a5 53. Rc8
Ke6 54. Rxa5 Kd7 55. Rxc7+ Rxc7 56. Rxf5 Rxc4 57. Ra5 Kc6 58. Kg3 Kb6 59. Ra8
Kb5 60. Rb8+ Ka4 61. Rg8 Kb5 62. Rg5+ Kb4 63. Rg8 Ka3 64. Ra8+ Ra4 1/2-1/2

[Event "22nd Honor to National Resistance"]
[Site "Nikaia"]
[Date "2014.09.02"]
[Round "9.15"]
[White "Grigoriadis, Mihail"]
[Black "Katopodis, Dimitrios"]
[Result "1-0"]
[WhiteElo "1981"]
[BlackElo "1780"]
[PlyCount "89"]
[EventDate "2014.08.26"]

1. Nf3 d5 2. d4 Nf6 3. c4 c6 4. cxd5 cxd5 5. Nc3 Nc6 6. Bf4 Bf5 7. e3 e6 8. Bd3
Bxd3 9. Qxd3 Be7 10. Ne5 Nh5 11. Qb5 Nxf4 12. exf4 Qc7 13. Rc1 O-O 14. Na4 Qa5+
15. Qxa5 Nxa5 16. Ke2 Rac8 17. Kd3 b5 18. Nc5 Nc4 19. b3 Nb6 20. Rc2 Rc7 21.
Rhc1 f6 22. Nf3 Kf7 23. Na6 Rxc2 24. Rxc2 Bd6 25. Nc7 b4 26. g3 Rc8 27. Na6
Rxc2 28. Kxc2 Na8 29. Ne1 Nc7 30. Nxc7 Bxc7 31. Kd3 Bb6 32. Nc2 a5 33. Ne3 f5
34. Nc2 Bd8 35. Ne1 Ke7 36. Nf3 Kd6 37. Ng5 Bxg5 38. fxg5 g6 39. Ke3 e5 40.
dxe5+ Kxe5 41. f4+ Ke6 42. Kd4 Kd6 43. h3 Ke6 44. Kc5 d4 45. Kxd4 1-0

[Event "22nd Honor to National Resistance"]
[Site "Nikaia"]
[Date "2014.09.02"]
[Round "9.16"]
[White "Ornithopoulos, Nikolaos"]
[Black "Kosmidis, Konstantinos"]
[Result "1-0"]
[WhiteElo "1960"]
[BlackElo "1776"]
[PlyCount "51"]
[EventDate "2014.08.26"]

1. d4 d5 2. Nf3 Nf6 3. e3 e6 4. Bd3 c5 5. c3 Bd6 6. Nbd2 Nc6 7. O-O O-O 8. dxc5
Bxc5 9. e4 e5 10. exd5 Nxd5 11. Ne4 Be7 12. Bc4 Nf6 13. Qe2 Bf5 14. Ng3 Bg4 15.
h3 Bxf3 16. Qxf3 g6 17. Bh6 Re8 18. Rad1 Qb6 19. b4 Rac8 20. Bb3 Nd8 21. Ba4
Nc6 22. Rfe1 Qa6 23. Bb3 Qb6 24. a4 Rcd8 25. Ne4 Nb8 26. Ng5 1-0

[Event "22nd Honor to National Resistance"]
[Site "Nikaia"]
[Date "2014.09.02"]
[Round "9.17"]
[White "Sirigos, Nikolaos"]
[Black "Koutsogiannis, Efthymios"]
[Result "0-1"]
[WhiteElo "2256"]
[BlackElo "1920"]
[PlyCount "100"]
[EventDate "2014.08.26"]

1. d4 d5 2. Nf3 Nf6 3. c3 c6 4. Bg5 h6 5. Bxf6 exf6 6. Nbd2 Bf5 7. e3 Bd6 8. c4
O-O 9. Qb3 Qb6 10. c5 Qxb3 11. axb3 Bc7 12. b4 a6 13. b5 cxb5 14. Bxb5 Nc6 15.
Be2 g5 16. O-O Kg7 17. Nb1 Rh8 18. Nc3 Rad8 19. Nd2 Be6 20. b4 Ne7 21. b5 axb5
22. Nxb5 Bb8 23. Rfb1 f5 24. Nc3 Bc8 25. g3 g4 26. Ra8 Nc6 27. Bf1 Kf6 28. Bg2
Ke6 29. Nb3 Bc7 30. Nb5 Bb8 31. Nc1 h5 32. Nd3 h4 33. Rxb8 Nxb8 34. Nc7+ Kf6
35. Nxd5+ Kg5 36. Ne7 hxg3 37. hxg3 Nd7 38. Nxc8 Rxc8 39. Bxb7 Rc7 40. Bg2 Nf6
41. d5 Ne4 42. d6 Ra7 43. Bxe4 fxe4 44. Ne5 f6 45. Nc6 Rah7 46. Kf1 Rh1+ 47.
Ke2 Rxb1 48. d7 Rb2+ 49. Kf1 Rh1+ 50. Kg2 Rbb1 0-1

[Event "22nd Honor to National Resistance"]
[Site "Nikaia"]
[Date "2014.09.02"]
[Round "9.18"]
[White "Hrisafis, Argirios"]
[Black "Karagiannis, Athanasios"]
[Result "1/2-1/2"]
[WhiteElo "1938"]
[BlackElo "2214"]
[PlyCount "70"]
[EventDate "2014.08.26"]

1. d4 d5 2. c4 e5 3. dxe5 d4 4. Nf3 Nc6 5. g3 Bb4+ 6. Bd2 Qe7 7. Bg2 Be6 8. a3
Bxd2+ 9. Nbxd2 O-O-O 10. O-O g5 11. Qa4 Kb8 12. b4 Bc8 13. Nb3 g4 14. Nfd2 Nxe5
15. Nc5 h5 16. f4 Nd7 17. Ndb3 Nb6 18. Qa5 Qe3+ 19. Rf2 Ne7 20. Rd1 d3 21. exd3
c6 22. b5 Nxc4 23. Qb4 h4 24. Re1 hxg3 25. Rxe3 gxf2+ 26. Kxf2 Nxe3 27. Kxe3
Nf5+ 28. Kf2 Rxh2 29. Na6+ Ka8 30. bxc6 g3+ 31. Kg1 Rxg2+ 32. Kxg2 Rg8 33. Nc7+
Kb8 34. Na6+ Ka8 35. Nc7+ Kb8 1/2-1/2

[Event "22nd Honor to National Resistance"]
[Site "Nikaia"]
[Date "2014.09.02"]
[Round "9.20"]
[White "Siamidis, Dimitrios"]
[Black "Kalodoukas, Odysseas"]
[Result "1-0"]
[WhiteElo "2065"]
[BlackElo "1918"]
[PlyCount "95"]
[EventDate "2014.08.26"]

1. b3 d6 2. Bb2 Nf6 3. e3 e5 4. c4 Be7 5. Be2 O-O 6. d3 c6 7. Nd2 Bf5 8. Ngf3
Nbd7 9. O-O h6 10. e4 Bh7 11. Re1 c5 12. Nf1 Ne8 13. Ne3 g6 14. Nd5 f5 15. exf5
gxf5 16. Nxe7+ Qxe7 17. Nd2 Ndf6 18. Bf3 Qf7 19. Qe2 Bg6 20. b4 cxb4 21. c5 e4
22. dxe4 fxe4 23. Bg4 dxc5 24. Bh3 Nd6 25. Qe3 c4 26. Be5 Nf5 27. Bxf5 Bxf5 28.
Qxh6 Qg6 29. Qh4 c3 30. Nc4 Kf7 31. Bd4 Kg8 32. Re3 Ng4 33. Rg3 Qh7 34. Rxg4+
Bxg4 35. Qxg4+ Kf7 36. Nd6+ Ke7 37. Nxe4 Qf5 38. Qh4+ Kd7 39. Bc5 Rf7 40. Rd1+
Kc6 41. Bxb4 Rd7 42. Rc1 a5 43. Bxc3 Kb5 44. Rb1+ Ka6 45. Qh6+ Ka7 46. Qe3+ Kb8
47. Re1 Qd5 48. Nf6 1-0

[Event "22nd Honor to National Resistance"]
[Site "Nikaia"]
[Date "2014.09.02"]
[Round "9.21"]
[White "Balokas, Dimitrios"]
[Black "Kalofonos, Panayotis"]
[Result "1-0"]
[WhiteElo "2042"]
[BlackElo "1843"]
[PlyCount "95"]
[EventDate "2014.08.26"]

1. c4 c6 2. e4 d5 3. exd5 cxd5 4. cxd5 Nf6 5. Qa4+ Nbd7 6. Nc3 g6 7. Nf3 Bg7 8.
Bc4 O-O 9. Qb3 Nb6 10. d3 e6 11. dxe6 Re8 12. O-O Bxe6 13. Bxe6 Rxe6 14. d4
Nfd5 15. Bg5 Qd7 16. Rad1 h6 17. Bh4 Nxc3 18. bxc3 Rc8 19. Bg3 Rec6 20. Ne5
Bxe5 21. dxe5 Qe6 22. Qa3 a6 23. Rd6 Nc4 24. Rxe6 Nxa3 25. Re7 b5 26. Ra7 Re6
27. Rd1 Rxc3 28. Rd8+ Kg7 29. h4 Nc4 30. Rdd7 Rc1+ 31. Kh2 Nxe5 32. Bxe5+ Rxe5
33. Rxf7+ Kg8 34. Rfb7 Rf5 35. Ra8+ Rf8 36. Rxa6 Rxf2 37. Rxg6+ Kf8 38. Rxh6
Kg8 39. Rg6+ Kf8 40. Ra6 Rc8 41. h5 Rf5 42. h6 Kg8 43. Kh3 Rfc5 44. Kh4 Rc4+
45. g4 Ra4 46. Rg6+ Kh8 47. Rgg7 Rxa2 48. Rh7+ 1-0

[Event "22nd Honor to National Resistance"]
[Site "Nikaia"]
[Date "2014.09.02"]
[Round "9.22"]
[White "Lymperopoulos, Georgios"]
[Black "Kondopoulos, Dimitrios"]
[Result "1-0"]
[WhiteElo "1904"]
[BlackElo "2039"]
[PlyCount "65"]
[EventDate "2014.08.26"]

1. d4 d5 2. Nf3 c6 3. e3 e6 4. Bd3 f5 5. O-O Nf6 6. b3 b5 7. c4 Ba6 8. cxd5
cxd5 9. Qe2 Qb6 10. Nc3 b4 11. Na4 Bxd3 12. Qxd3 Qa6 13. Ne5 Qxd3 14. Nxd3 Nbd7
15. Bd2 a5 16. Rfc1 Bd6 17. Rc6 Ke7 18. Rac1 Ra7 19. f3 g5 20. Be1 Rg8 21. Bg3
Bxg3 22. hxg3 Ne8 23. Nb6 Nxb6 24. Rxb6 g4 25. Rcc6 Nc7 26. fxg4 fxg4 27. Ne5
h5 28. Rd6 Rg7 29. Rbc6 Ke8 30. Rb6 Re7 31. Nc6 Ra6 32. Rxa6 Nxa6 33. Nxe7 1-0

[Event "22nd Honor to National Resistance"]
[Site "Nikaia"]
[Date "2014.09.02"]
[Round "9.23"]
[White "Tsekouras, Vasilios"]
[Black "Markesinis, Eleftherios"]
[Result "1/2-1/2"]
[WhiteElo "1900"]
[BlackElo "2029"]
[PlyCount "83"]
[EventDate "2014.08.26"]

1. c4 Nf6 2. b3 e6 3. Bb2 d5 4. g3 c5 5. cxd5 exd5 6. Bg2 Be7 7. Nh3 O-O 8. Nf4
Nc6 9. O-O Rb8 10. Nc3 d4 11. Ncd5 Nxd5 12. Nxd5 Bd6 13. e4 Be6 14. Nf4 Bxf4
15. gxf4 f5 16. e5 Bd5 17. Ba3 Re8 18. Qc2 Bxg2 19. Kxg2 Qd5+ 20. f3 b6 21.
Qxf5 Re6 22. Qe4 Rd8 23. Qxd5 Rxd5 24. Rae1 a5 25. d3 Ne7 26. Kf2 Rh6 27. Rh1
Nf5 28. Bc1 Kf7 29. Reg1 Rg6 30. Rxg6 Kxg6 31. Rg1+ Kf7 32. Bd2 h6 33. a3 Rd8
34. Rc1 Ra8 35. Rc2 Ke6 36. b4 axb4 37. axb4 Kd5 38. bxc5 bxc5 39. Rb2 Ra3 40.
Ke2 Ra1 41. Be1 Ra6 42. Bf2 1/2-1/2

[Event "22nd Honor to National Resistance"]
[Site "Nikaia"]
[Date "2014.09.02"]
[Round "9.25"]
[White "Vazelakis, Dimitrios"]
[Black "Nikolaidou, Eleni"]
[Result "1/2-1/2"]
[WhiteElo "1985"]
[BlackElo "1825"]
[PlyCount "194"]
[EventDate "2014.08.26"]

1. c4 e6 2. g3 d5 3. d4 Nf6 4. Nf3 Be7 5. Bg2 O-O 6. O-O dxc4 7. Qc2 a6 8. Qxc4
b5 9. Qc2 Bb7 10. Bf4 Nd5 11. a3 Nxf4 12. gxf4 Qd6 13. e3 Nd7 14. b4 Nf6 15.
Rc1 Rfc8 16. Nc3 Rab8 17. Rd1 h6 18. Ne5 Bxg2 19. Kxg2 Qb6 20. Ne4 Qb7 21. Nc6
Re8 22. Rac1 Qa8 23. Nxb8 Nxe4 24. Qc6 Rxb8 25. Qxa8 Rxa8 26. Rxc7 Bd8 27. Rc6
a5 28. Rdc1 Kf8 29. Rc8 Rxc8 30. Rxc8 Ke7 31. bxa5 Bxa5 32. Rb8 Nd6 33. f3 Bc7
34. Ra8 g6 35. Kf2 Kd7 36. Ke2 Kc6 37. Kd3 Kb7 38. Rh8 h5 39. Rh7 Kc6 40. e4
Nc4 41. Rxf7 Nxa3 42. Rf6 Kd7 43. e5 b4 44. Rxg6 Bb6 45. f5 b3 46. fxe6+ Ke8
47. Kc3 Nb5+ 48. Kxb3 Nxd4+ 49. Kc4 Nxf3 50. Kd5 Bd8 51. Rg8+ Ke7 52. Rg3 Nxh2
53. Rh3 Ng4 54. Rxh5 Ne3+ 55. Ke4 Bb6 56. Rh7+ Ke8 57. Rb7 Bc5 58. Rb3 Ng4 59.
Rc3 Nf2+ 60. Kf5 Be7 61. Rg3 Bf8 62. Rg8 Ke7 63. Rg2 Nd1 64. Ra2 Ne3+ 65. Ke4
Ng4 66. Ra8 Bh6 67. Ra7+ Kxe6 68. Ra6+ Kf7 69. Kd5 Ne3+ 70. Kc6 Bf8 71. Kd7 Be7
72. Ra1 Nf5 73. Rf1 Kg6 74. Ke6 Ng3 75. Rg1 Bh4 76. Kd7 Kf5 77. e6 Ne4 78. Rf1+
Ke5 79. Rh1 Nf6+ 80. Kc6 Bf2 81. e7 Ke6 82. Rf1 Kxe7 83. Rxf2 Ng4 84. Rf4 Ne5+
85. Kd5 Nd7 86. Re4+ Kf6 87. Kd6 Nf8 88. Re1 Ng6 89. Rf1+ Kg5 90. Ke6 Nf4+ 91.
Ke5 Ng6+ 92. Ke4 Ne7 93. Ra1 Kf6 94. Ra6+ Kg5 95. Re6 Ng6 96. Ra6 Ne7 97. Re6
Ng6 1/2-1/2